[Event "San Jose Metropolitano op-B 45th"]
[Site "San Jose"]
[Date "2024.12.29"]
[Round "8"]
[White "Cossio Carvajal, Bruno"]
[Black "Soto Cordoba, Anthony"]
[Result "1-0"]
[WhiteElo "1886"]
[BlackElo "1773"]
[PlyCount "73"]
[EventDate "2024.12.26"]
[EventType "tourn"]
[EventRounds "9"]
[EventCountry "CRI"]
[SourceTitle "CB02_2025"]
[SourceDate "2025.01.08"]
[SourceVersion "1"]
[SourceVersionDate "2025.01.08"]
[SourceQuality "1"]

1. e4 g6 2. c3 Bg7 3. d4 d6 4. f4 b6 5. Nf3 c5 6. dxc5 bxc5 7. Qd5 Qb6 8. Qxa8 e6 9. Na3 Bd7 10. Nc4 Qc7 11. Nxd6+ Qxd6 12. Qxa7 Nc6 13. Qa8+ Ke7 14. e5 Qd5 15. Be3 Qe4 16. Kf2 Qc2+ 17. Be2 f6 18. Bxc5+ Kf7 19. exf6 Kxf6 20. Rhc1 Qf5 21. Be3 Nge7 22. Qa3 Nd5 23. Bd2 Bf8 24. Qb3 Bc5+ 25. Kf1 g5 26. fxg5+ Kg7 27. Qc4 Bb6 28. Qd3 Qg4 29. c4 e5 30. cxd5 e4 31. Qc3+ Kg8 32. dxc6 exf3 33. Qc4+ Qxc4 34. Bxc4+ Kf8 35. cxd7 fxg2+ 36. Kxg2 Ke7 37. Bc3 1-0

[Event "San Jose Metropolitano op-B 45th"]
[Site "San Jose"]
[Date "2024.12.29"]
[Round "7"]
[White "Ramirez Aguilar, Julian Jose"]
[Black "Cossio Carvajal, Bruno"]
[Result "0-1"]
[WhiteElo "1872"]
[BlackElo "1886"]
[PlyCount "46"]
[EventDate "2024.12.26"]
[EventType "tourn"]
[EventRounds "9"]
[EventCountry "CRI"]
[SourceTitle "CB02_2025"]
[SourceDate "2025.01.08"]
[SourceVersion "1"]
[SourceVersionDate "2025.01.08"]
[SourceQuality "1"]

1. e4 e6 2. d4 d5 3. Nc3 dxe4 4. Nxe4 Nf6 5. Bg5 Be7 6. Bxf6 Bxf6 7. Nf3 b6 8. c3 Bb7 9. Bb5+ Nd7 10. Nxf6+ gxf6 11. Qd2 a6 12. Ba4 Qe7 13. 0-0-0 0-0-0 14. Rhe1 Rhg8 15. Nh4 Bxg2 16. f4 Bb7 17. Qf2 Qd6 18. Rg1 f5 19. Rg3 Nf6 20. Qe3 Nd5 21. Qe5 Nxf4 22. Nxf5 exf5 23. Qxf5+ Kb8 0-1

[Event "San Jose Metropolitano op-B 45th"]
[Site "San Jose"]
[Date "2024.12.28"]
[Round "6"]
[White "Cossio Carvajal, Bruno"]
[Black "Acuna Nunez, Ignacio"]
[Result "1-0"]
[WhiteElo "1886"]
[BlackElo "1655"]
[PlyCount "71"]
[EventDate "2024.12.26"]
[EventType "tourn"]
[EventRounds "9"]
[EventCountry "CRI"]
[SourceTitle "CB02_2025"]
[SourceDate "2025.01.08"]
[SourceVersion "1"]
[SourceVersionDate "2025.01.08"]
[SourceQuality "1"]

1. e4 c5 2. c3 d5 3. exd5 Qxd5 4. Na3 Nf6 5. Nf3 Nc6 6. d4 cxd4 7. Nb5 Qd8 8. Nbxd4 Bg4 9. Bb5 Rc8 10. Be3 Qc7 11. Qa4 e5 12. Nxc6 bxc6 13. Be2 a5 14. h3 Bf5 15. 0-0 Bd6 16. Rfe1 0-0 17. Nd2 Nd5 18. Nc4 Nxe3 19. Nxe3 Be6 20. Bc4 Qb6 21. Qb3 Qxb3 22. axb3 Rb8 23. Rxa5 Bxc4 24. Nxc4 Bc7 25. Ra7 Bd8 26. Nxe5 Bb6 27. Raa1 Rbd8 28. Nc4 Bc5 29. Ra6 Rfe8 30. Rxe8+ Rxe8 31. Rxc6 Ba7 32. Kf1 g6 33. b4 Kg7 34. b5 Bb8 35. b6 Bf4 36. b7 1-0

[Event "San Jose Metropolitano op-B 45th"]
[Site "San Jose"]
[Date "2024.12.28"]
[Round "5"]
[White "Redondo Washington, Josimar"]
[Black "Cossio Carvajal, Bruno"]
[Result "0-1"]
[WhiteElo "1665"]
[BlackElo "1886"]
[PlyCount "96"]
[EventDate "2024.12.26"]
[EventType "tourn"]
[EventRounds "9"]
[EventCountry "CRI"]
[SourceTitle "CB02_2025"]
[SourceDate "2025.01.08"]
[SourceVersion "1"]
[SourceVersionDate "2025.01.08"]
[SourceQuality "1"]

1. d4 f5 2. c4 Nf6 3. g3 g6 4. Bg2 Bg7 5. Nf3 0-0 6. 0-0 d6 7. Nc3 c6 8. b3 Qc7 9. Bb2 Re8 10. Re1 e5 11. dxe5 dxe5 12. e4 Na6 13. exf5 Bxf5 14. Na4 Rad8 15. Qc1 Nb4 16. Bxe5 Rxe5 17. Nxe5 Nc2 18. Re2 Nxa1 19. Qxa1 Ng4 20. f4 Re8 21. Qe1 Nxe5 22. fxe5 Rxe5 23. Nb2 Qb6+ 24. Kh1 Qd4 25. Rxe5 Qxe5 26. Qxe5 Bxe5 27. Na4 Bd4 28. c5 Bb1 29. Bh3 Kf7 30. Bf1 Bxa2 31. Bc4+ Kf6 32. Kg2 b5 33. cxb6 axb6 34. Kf3 b5 35. Ke4 Ba1 36. Kd3 bxa4 37. bxa4 Bxc4+ 38. Kxc4 Ke6 39. Kc5 Kd7 40. a5 Kc7 41. a6 Bg7 42. a7 Bf8+ 43. Kc4 Kb7 44. h4 Kxa7 45. g4 Kb7 46. h5 Kc7 47. Kd4 Kd6 48. Ke4 c5 0-1

[Event "San Jose Metropolitano op-B 45th"]
[Site "San Jose"]
[Date "2024.12.26"]
[Round "1"]
[White "Cossio Carvajal, Bruno"]
[Black "Chavez Flores, Jose Edwin"]
[Result "1-0"]
[WhiteElo "1886"]
[BlackElo "1519"]
[PlyCount "100"]
[EventDate "2024.12.26"]
[EventType "tourn"]
[EventRounds "9"]
[EventCountry "CRI"]
[SourceTitle "CB02_2025"]
[SourceDate "2025.01.08"]
[SourceVersion "1"]
[SourceVersionDate "2025.01.08"]
[SourceQuality "1"]

1. e4 c5 2. c3 Nf6 3. e5 Nd5 4. Nf3 e6 5. Bc4 Nb6 6. Bb3 c4 7. Bc2 Qc7 8. 0-0 Nc6 9. Re1 Nd5 10. b3 b5 11. Na3 Ba6 12. Qe2 Nb6 13. d3 Ne7 14. Nd4 Qc5 15. b4 Qd5 16. dxc4 bxc4 17. Be4 Qxe5 18. Bxa8 Qxe2 19. Rxe2 Nxa8 20. b5 Bb7 21. Nxc4 Nd5 22. Bd2 Nab6 23. Nxb6 Nxb6 24. a4 Nc4 25. Be3 Bc5 26. Nc2 Nxe3 27. Nxe3 0-0 28. Nc2 a6 29. Nb4 a5 30. Nd3 Bb6 31. c4 Bd4 32. Rc1 Rc8 33. c5 f6 34. c6 dxc6 35. Rxe6 c5 36. Re7 Bd5 37. Rd7 Be6 38. Rxd4 cxd4 39. Rxc8+ Bxc8 40. b6 Ba6 41. Nc5 d3 42. Nxd3 Kf7 43. Nc5 Bc8 44. b7 Bxb7 45. Nxb7 Ke6 46. Nxa5 Kd5 47. Nb3 Kc4 48. f4 h6 49. f5 h5 50. h4 Kd5 1-0

[Event "Wch FIDE Online U12 America qual"]
[Site "Tornelo INT"]
[Date "2020.12.03"]
[Round "6"]
[White "Garzon Zapatanga, Christopher Leonel"]
[Black "Cossio Carvajal, Bruno"]
[Result "1-0"]
[WhiteElo "1697"]
[BlackElo "1148"]
[PlyCount "77"]
[EventDate "2020.12.01"]
[EventType "swiss (rapid)"]
[EventRounds "7"]
[EventCountry "ISS"]
[SourceTitle "EXT 2022"]
[Source "ChessBase"]
[SourceDate "2021.10.06"]
[SourceVersion "1"]
[SourceVersionDate "2021.10.06"]
[SourceQuality "1"]

1. e4 e5 2. Nf3 Nc6 3. d4 exd4 4. Bc4 Bc5 5. c3 Nf6 6. e5 d5 7. Bb5 Ne4 8. cxd4 Bb6 9. Nc3 Nxc3 10. bxc3 Bd7 11. 0-0 h6 12. Re1 0-0 13. Qe2 a6 14. Bxc6 Bxc6 15. e6 fxe6 16. Qxe6+ Kh7 17. Ne5 Rf6 18. Qg4 Qf8 19. Be3 Ba5 20. Rac1 Rd8 21. f4 Rdd6 22. Rf1 Bb5 23. Rf2 Be8 24. c4 c6 25. c5 Rd8 26. f5 Bc7 27. Rcf1 Qe7 28. Bf4 Rc8 29. Re2 Qf8 30. Bg3 Bb8 31. Ng6 Bxg6 32. fxg6+ Kg8 33. Rxf6 gxf6 34. g7 Qd8 35. Qe6+ Kxg7 36. Bxb8 Rxb8 37. Re3 Qa5 38. Rg3+ Kf8 39. Rg8# 1-0

[Event "Wch FIDE Online U12 America qual"]
[Site "Tornelo INT"]
[Date "2020.12.02"]
[Round "2"]
[White "Cossio Carvajal, Bruno"]
[Black "Ibarra, Carlos Roberto"]
[Result "1-0"]
[WhiteElo "1148"]
[BlackElo "1539"]
[PlyCount "115"]
[EventDate "2020.12.01"]
[EventType "swiss (rapid)"]
[EventRounds "7"]
[EventCountry "ISS"]
[SourceTitle "EXT 2022"]
[Source "ChessBase"]
[SourceDate "2021.10.06"]
[SourceVersion "1"]
[SourceVersionDate "2021.10.06"]
[SourceQuality "1"]

1. e4 c5 2. Nf3 Nc6 3. c3 d5 4. exd5 Qxd5 5. d4 cxd4 6. cxd4 Bg4 7. Be2 e6 8. Nc3 Qa5 9. a3 Nf6 10. h3 Bh5 11. Be3 Be7 12. Qc2 Rc8 13. Qd2 0-0 14. 0-0 Rfd8 15. Rfd1 Nd5 16. Nxd5 Qxd5 17. g4 Bg6 18. Rac1 Be4 19. Nh2 Bf6 20. f3 Bg6 21. Kf2 Qd6 22. Kg2 h5 23. Nf1 h4 24. Bb5 Nxd4 25. Rxc8 Rxc8 26. Bd3 Nb3 27. Qe2 Bxd3 28. Rxd3 Bd4 29. Rxb3 Bxe3 30. Rxe3 f5 31. Rxe6 Qf4 32. Re8+ Rxe8 33. Qxe8+ Kh7 34. Qh5+ Kg8 35. Qxf5 Qd4 36. Qc8+ Kh7 37. Qxb7 Qc5 38. Qe4+ Kh8 39. Qb4 Qc2+ 40. Qd2 Qc7 41. Qc3 Qb8 42. b4 Qb7 43. Qe5 Qc8 44. Qc5 Qa6 45. Qh5+ Kg8 46. Qxh4 Qxa3 47. Qe1 Qb2+ 48. Qd2 Qa1 49. b5 Qa4 50. Qe2 Qa5 51. Ng3 Kh7 52. h4 Qb6 53. h5 Qc5 54. Qd3+ Kh8 55. Nf5 Qc7 56. Qe4 Qd7 57. Qd4 Qc7 58. Qxg7+ 1-0

[Event "Wch FIDE Online U12 America qual"]
[Site "Tornelo INT"]
[Date "2020.12.02"]
[Round "3"]
[White "Cossio Carvajal, Bruno"]
[Black "Mendez Machado, Andre"]
[Result "0-1"]
[WhiteElo "1148"]
[BlackElo "1574"]
[PlyCount "176"]
[EventDate "2020.12.01"]
[EventType "swiss (rapid)"]
[EventRounds "7"]
[EventCountry "ISS"]
[SourceTitle "EXT 2022"]
[Source "ChessBase"]
[SourceDate "2021.10.06"]
[SourceVersion "1"]
[SourceVersionDate "2021.10.06"]
[SourceQuality "1"]

1. e4 e5 2. Nf3 Nc6 3. Bb5 a6 4. Ba4 Nf6 5. 0-0 b5 6. Bb3 Bc5 7. d3 d6 8. h3 h6 9. Be3 Bxe3 10. fxe3 0-0 11. Nbd2 Be6 12. c3 Bxb3 13. Qxb3 Ne7 14. d4 Ng6 15. Qc2 c6 16. Rad1 Qb6 17. Kh2 Rfe8 18. Rfe1 Qc7 19. Kg1 Rad8 20. a3 d5 21. dxe5 Nxe5 22. exd5 Nxd5 23. e4 Qb6+ 24. Nd4 Nf4 25. Kh2 c5 26. N4f3 Qg6 27. g3 Nfd3 28. Re2 c4 29. Nd4 Qh5 30. Nf1 Rxd4 31. cxd4 Nf3+ 32. Kh1 Nxd4 33. g4 Qe5 34. Qd2 Nxe2 35. Qxe2 Nxb2 36. Rd2 Nd3 37. Kg2 Qxe4+ 38. Qxe4 Rxe4 39. Ng3 Re1 40. Ra2 Rb1 41. Kf3 c3 42. Ne2 Rb3 43. Rc2 Rxa3 44. Rxc3 Rxc3 45. Nxc3 b4 46. Nb1 Ne5+ 47. Ke4 Ng6 48. Nd2 a5 49. Kd4 Nf4 50. h4 Ng2 51. Nf3 f6 52. Kc4 Kf7 53. h5 Ne3+ 54. Kb5 Nxg4 55. Kxa5 b3 56. Nd2 b2 57. Ka4 Ne3 58. Kb3 Nf1 59. Nb1 Ng3 60. Kxb2 Nxh5 61. Kc2 Nf4 62. Kd2 g5 63. Ke3 Kg6 64. Nc3 h5 65. Kf2 f5 66. Nd1 g4 67. Kg3 Kg5 68. Ne3 h4+ 69. Kf2 Nd3+ 70. Kg1 f4 71. Nf1 g3 72. Kg2 Kg4 73. Kg1 f3 74. Ne3+ Kg5 75. Kf1 h3 76. Kg1 f2+ 77. Kf1 g2+ 78. Nxg2 hxg2+ 79. Kxg2 Kf4 80. Kf1 Ke3 81. Kg2 Ke2 82. Kh3 f1Q+ 83. Kg4 Qf3+ 84. Kh4 Qg2 85. Kh5 Nf4+ 86. Kh4 Nd3 87. Kh5 Kf3 88. Kh4 Qg4# 0-1

[Event "Online Friendship U12"]
[Site "Tornelo INT"]
[Date "2020.11.21"]
[Round "3.1"]
[White "Lippa, Evgeniy"]
[Black "Cossio Carvajal, Bruno"]
[Result "1-0"]
[WhiteElo "1243"]
[BlackElo "1148"]
[PlyCount "139"]
[EventDate "2020.11.21"]
[EventType "team-swiss"]
[EventRounds "7"]
[EventCountry "BLR"]
[SourceTitle "CBM 199 Extra"]
[Source "ChessBase"]
[SourceDate "2021.01.31"]
[SourceVersion "1"]
[SourceVersionDate "2021.01.31"]
[SourceQuality "1"]
[WhiteTeam "Belarus FIDE Academy"]
[BlackTeam "Costa Rica"]
[WhiteTeamCountry "BLR"]
[BlackTeamCountry "CRI"]

1. e4 e5 2. Nf3 Nc6 3. Bb5 a6 4. Ba4 Nf6 5. 0-0 b5 6. Bb3 d6 7. Re1 Be7 8. c3 Na5 9. Bc2 c5 10. d4 Qc7 11. dxe5 dxe5 12. Bg5 Bg4 13. Bxf6 Bxf6 14. h3 Rd8 15. Qe2 Bxf3 16. Qxf3 Nc4 17. b3 Nb6 18. Qe2 0-0 19. Nd2 Bg5 20. Nf1 Rfe8 21. Rad1 Rxd1 22. Rxd1 Rd8 23. Rd3 c4 24. bxc4 Nxc4 25. Bb3 Na5 26. Bd5 g6 27. Qg4 Qe7 28. Rf3 Rf8 29. h4 Bxh4 30. Rh3 Bf6 31. Ne3 Kh8 32. Nf5 Qd7 33. Rh1 Bg7 34. Rxh7+ Kxh7 35. Qh3+ Kg8 36. Nh6+ Bxh6 37. Qxd7 Bg5 38. Qg4 Bf6 39. Qxg6+ Bg7 40. Qxa6 Nc4 41. Bxc4 bxc4 42. Qxc4 Ra8 43. a4 Bh6 44. Qb3 Kg7 45. c4 Bg5 46. c5 Rc8 47. Qc2 Kf6 48. c6 Bh6 49. a5 Rc7 50. a6 Bf8 51. Qc4 Bd6 52. Qb5 Ke7 53. Kf1 f6 54. Ke2 Kd8 55. Kd3 Kc8 56. Kc4 Ra7 57. Kd5 Bc7 58. Ke6 Bd8 59. Qd5 Re7+ 60. Kf5 Ra7 61. Qe6+ Kb8 62. Qd6+ Kc8 63. Qc5 Kb8 64. Qb5+ Kc8 65. g4 Kc7 66. f4 exf4 67. Kxf4 Be7 68. Kf5 Kc8 69. Qb6 Rc7 70. a7 1-0

[Event "Online Friendship U12"]
[Site "Tornelo INT"]
[Date "2020.11.21"]
[Round "4.1"]
[White "Religa, Marek"]
[Black "Cossio Carvajal, Bruno"]
[Result "1-0"]
[WhiteElo "1601"]
[BlackElo "1148"]
[PlyCount "83"]
[EventDate "2020.11.21"]
[EventType "team-swiss"]
[EventRounds "7"]
[EventCountry "BLR"]
[SourceTitle "CBM 199 Extra"]
[Source "ChessBase"]
[SourceDate "2021.01.31"]
[SourceVersion "1"]
[SourceVersionDate "2021.01.31"]
[SourceQuality "1"]
[WhiteTeam "Sweden 4 Springare"]
[BlackTeam "Costa Rica"]
[WhiteTeamCountry "SWE"]
[BlackTeamCountry "CRI"]

1. e4 e5 2. Nf3 Nc6 3. Bc4 Bc5 4. 0-0 Nf6 5. d4 Bxd4 6. Nxd4 Nxd4 7. Bg5 h6 8. Bh4 d6 9. h3 Bd7 10. f4 Nc6 11. c3 Qe7 12. b4 Be6 13. Nd2 Bxc4 14. Nxc4 Qe6 15. Qe2 0-0-0 16. f5 Qe7 17. Rfd1 Qe8 18. b5 Ne7 19. Bf2 Qxb5 20. Nxd6+ cxd6 21. Qxb5 Nxe4 22. Qc4+ Nc5 23. Bxc5 dxc5 24. Qxf7 Nc6 25. Qe6+ Kb8 26. Rd7 Rhe8 27. Qd6+ Ka8 28. Rd1 Rb8 29. Qxc5 e4 30. Rc7 Re5 31. Qd6 Ree8 32. Rxc6 e3 33. Rc7 e2 34. Re1 Rbd8 35. Rd7 Rc8 36. Qd3 Rf8 37. Rxe2 Kb8 38. Ree7 Rce8 39. Qd6+ Ka8 40. Rxe8+ Rxe8 41. Rd8+ Rxd8 42. Qxd8# 1-0